[Event "Kemerovo Kuzbass-ch"]
[Site "Kemerovo"]
[Date "2012.11.27"]
[Round "7"]
[White "Emeljashin, Yury"]
[Black "Fedechkin, Vladimir"]
[Result "0-1"]
[WhiteElo "2129"]
[BlackElo "2080"]
[PlyCount "58"]
[EventDate "2012.11.23"]
[EventType "swiss"]
[EventRounds "9"]
[EventCountry "RUS"]
[SourceTitle "CBM 151 Extra"]
[Source "ChessBase"]
[SourceDate "2012.12.18"]
[SourceVersion "1"]
[SourceVersionDate "2012.12.18"]
[SourceQuality "1"]

1. d4 Nf6 2. Nf3 e6 3. c4 b6 4. g3 Bb7 5. Bg2 Be7 6. 0-0 0-0 7. Qc2 c5 8. e3 cxd4 9. exd4 Nc6 10. a3 d5 11. cxd5 Nxd5 12. Nc3 Rc8 13. Nxd5 Qxd5 14. Qd2 Rfd8 15. Rd1 Bf6 16. Ne5 Qxd4 17. Nxc6 Bxc6 18. Qxd4 Rxd4 19. Re1 Bxg2 20. Kxg2 Rd3 21. Rb1 Rc2 22. b4 Bd4 23. Rf1 e5 24. a4 h6 25. h4 f5 26. h5 Kf7 27. b5 e4 28. Kg1 Rxg3+ 29. Kh2 Rg4 0-1

[Event "Kemerovo-ch"]
[Site "Kemerovo"]
[Date "2010.03.21"]
[Round "9"]
[White "Cheremnova, Tamara"]
[Black "Fedechkin, Vladimir"]
[Result "0-1"]
[WhiteElo "2245"]
[BlackElo "2036"]
[PlyCount "68"]
[EventDate "2010.03.15"]
[EventType "swiss"]
[EventRounds "9"]
[EventCountry "RUS"]
[SourceTitle "CBM 135 Extra"]
[Source "ChessBase"]
[SourceDate "2010.05.04"]
[SourceVersion "1"]
[SourceVersionDate "2010.05.04"]
[SourceQuality "1"]

1. d4 d5 2. c4 dxc4 3. Nf3 Nf6 4. e3 Bg4 5. Bxc4 e6 6. h3 Bh5 7. Nc3 Nbd7 8. 0-0 c5 9. d5 exd5 10. Nxd5 a6 11. a4 Ne5 12. Ba2 c4 13. Nc3 Nxf3+ 14. gxf3 Qc8 15. Kg2 Qf5 16. e4 Qg6+ 17. Kh2 Bd6+ 18. Kh1 Nd7 19. Bxc4 Ne5 20. Be2 Qe6 21. Kg2 Ng6 22. Rh1 Nh4+ 23. Kf1 0-0 24. f4 Bxe2+ 25. Qxe2 f5 26. e5 Bb4 27. Rg1 Qc6 28. Be3 Rad8 29. Rc1 Bxc3 30. bxc3 Qxa4 31. Bd4 Qc6 32. e6 Rxd4 33. e7 Re8 34. Re1 Re4 0-1

[Event "Uljanovsk op"]
[Site "Uljanovsk"]
[Date "2010.01.06"]
[Round "5"]
[White "Fedechkin, Vladimir"]
[Black "Chepenko, Anton"]
[Result "1/2-1/2"]
[WhiteElo "2036"]
[BlackElo "1821"]
[PlyCount "63"]
[EventDate "2010.01.04"]
[EventType "swiss"]
[EventRounds "9"]
[EventCountry "RUS"]
[SourceTitle "CBM 134 Extra"]
[Source "ChessBase"]
[SourceDate "2010.03.03"]
[SourceVersion "1"]
[SourceVersionDate "2010.03.03"]
[SourceQuality "1"]

1. d4 d5 2. c4 c6 3. cxd5 cxd5 4. Nc3 Nf6 5. Nf3 Nc6 6. h3 e6 7. Bg5 Be7 8. e3 a6 9. a3 0-0 10. Bd3 h6 11. Bf4 Nd7 12. 0-0 f5 13. Rc1 Qe8 14. Na4 g5 15. Bh2 Rf7 16. Nc5 Nxc5 17. dxc5 Rg7 18. Ne5 h5 19. Nxc6 bxc6 20. Be5 Rh7 21. Be2 Qg6 22. Qd4 g4 23. Kh2 a5 24. Rc3 Bd8 25. b4 axb4 26. axb4 Bc7 27. Bxc7 Rxc7 28. b5 Ra2 29. Qd1 cxb5 30. Bxb5 Rg7 31. Rc2 gxh3 32. g3 1/2-1/2

[Event "Uljanovsk op"]
[Site "Uljanovsk"]
[Date "2010.01.04"]
[Round "1"]
[White "Fedechkin, Vladimir"]
[Black "Parshakov, Vladimir"]
[Result "1-0"]
[WhiteElo "2036"]
[BlackElo "2011"]
[PlyCount "71"]
[EventDate "2010.01.04"]
[EventType "swiss"]
[EventRounds "9"]
[EventCountry "RUS"]
[SourceTitle "CBM 134 Extra"]
[Source "ChessBase"]
[SourceDate "2010.03.03"]
[SourceVersion "1"]
[SourceVersionDate "2010.03.03"]
[SourceQuality "1"]

1. d4 Nf6 2. c4 e6 3. Nc3 Bb4 4. a3 Bxc3+ 5. bxc3 c5 6. e3 0-0 7. Bd3 d5 8. Nf3 Nc6 9. 0-0 Qc7 10. cxd5 exd5 11. h3 Ne4 12. Qc2 f5 13. c4 Be6 14. dxc5 Nxc5 15. cxd5 Nxd3 16. dxe6 Nxc1 17. Raxc1 Qe7 18. Rb1 Rab8 19. Qc4 Rfe8 20. Rb5 g6 21. Rfb1 a6 22. Rb6 Qxa3 23. e7+ Kg7 24. Rxb7 Rxb7 25. Rxb7 Qa1+ 26. Kh2 Na5 27. Qxa6 Qc3 28. Qb5 Qc6 29. Qe5+ Kh6 30. Rb4 Nc4 31. Qf4+ Kg7 32. Rxc4 Qe6 33. Ng5 Qf6 34. Qd4 Rxe7 35. Qxf6+ Kxf6 36. Nf3 1-0

[Event "Kemerovo op 08"]
[Site "Kemerovo"]
[Date "2009.08.26"]
[Round "7"]
[White "Fedechkin, Vladimir"]
[Black "Usatov, Vladimir"]
[Result "1-0"]
[WhiteElo "1995"]
[BlackElo "2157"]
[PlyCount "45"]
[EventDate "2009.08.22"]
[EventType "swiss"]
[EventRounds "9"]
[EventCountry "RUS"]
[SourceTitle "EXT 2012"]
[Source "ChessBase"]
[SourceDate "2011.11.24"]
[SourceVersion "1"]
[SourceVersionDate "2011.11.24"]
[SourceQuality "1"]

1. d4 d5 2. Nf3 c6 3. c4 e6 4. Nc3 dxc4 5. Ne5 b5 6. g3 f6 7. Nf3 Bb7 8. Bg2 a6 9. 0-0 c5 10. e4 cxd4 11. Nxd4 Kf7 12. Bh3 Bc8 13. e5 Bc5 14. Qf3 Ra7 15. Nc6 Nxc6 16. Qxc6 Rc7 17. Qf3 Bb7 18. Ne4 Qd5 19. Re1 h6 20. Bf4 g5 21. Rad1 Qc6 22. exf6 Nxf6 23. Be5 1-0

[Event "Kemerovo op 08"]
[Site "Kemerovo"]
[Date "2009.08.22"]
[Round "1"]
[White "Grishenko, Vladimir"]
[Black "Fedechkin, Vladimir"]
[Result "1-0"]
[WhiteElo "2233"]
[BlackElo "1995"]
[PlyCount "47"]
[EventDate "2009.08.22"]
[EventType "swiss"]
[EventRounds "9"]
[EventCountry "RUS"]
[SourceTitle "EXT 2012"]
[Source "ChessBase"]
[SourceDate "2011.11.24"]
[SourceVersion "1"]
[SourceVersionDate "2011.11.24"]
[SourceQuality "1"]

1. Nf3 Nf6 2. c4 e6 3. g3 b6 4. Bg2 Bb7 5. 0-0 Be7 6. Nc3 0-0 7. Re1 d5 8. cxd5 exd5 9. d4 Nbd7 10. Bf4 Rc8 11. Rc1 a6 12. Bh3 c5 13. Ne5 cxd4 14. Qxd4 Bc5 15. Qa4 Nxe5 16. Bxe5 d4 17. Red1 b5 18. Qc2 b4 19. Bxc8 Qxc8 20. Bxf6 dxc3 21. Bd4 cxb2 22. Qxb2 Qh3 23. f3 Bd6 24. Bf2 1-0

[Event "Berdsk Maestro op 15th"]
[Site "Berdsk"]
[Date "2009.07.15"]
[Round "8"]
[White "Usatov, Vladimir"]
[Black "Fedechkin, Vladimir"]
[Result "0-1"]
[WhiteElo "2157"]
[BlackElo "1995"]
[PlyCount "84"]
[EventDate "2009.07.08"]
[EventType "swiss"]
[EventRounds "9"]
[EventCountry "RUS"]
[SourceTitle "EXT 2022"]
[Source "ChessBase"]
[SourceDate "2021.10.06"]
[SourceVersion "1"]
[SourceVersionDate "2021.10.06"]
[SourceQuality "1"]

1. e4 e6 2. d4 d5 3. Nc3 dxe4 4. Nxe4 Nd7 5. g3 Ngf6 6. Bg2 Nxe4 7. Bxe4 Nf6 8. Bg2 c5 9. Nf3 cxd4 10. Qxd4 Qxd4 11. Nxd4 Bc5 12. Nb3 Bd6 13. 0-0 Rb8 14. Be3 b6 15. Rad1 Ke7 16. Nd4 Bd7 17. Rd2 Rbc8 18. Rfd1 Bb8 19. Bg5 Rhd8 20. Bb7 Rc7 21. Nc6+ Bxc6 22. Rxd8 Rxb7 23. Bxf6+ Kxf6 24. Rc8 Be4 25. f3 Bf5 26. Rdd8 Be5 27. c3 b5 28. Kg2 Kg6 29. g4 Bb1 30. a3 a5 31. Rc5 Bf6 32. Rd1 Ba2 33. f4 h6 34. Kg3 b4 35. h4 bxc3 36. h5+ Kh7 37. bxc3 g5 38. hxg6+ Kxg6 39. f5+ exf5 40. Rc6 fxg4 41. Kxg4 Be6+ 42. Kf4 Be7 0-1

[Event "Berdsk Maestro op 15th"]
[Site "Berdsk"]
[Date "2009.07.14"]
[Round "7"]
[White "Fedechkin, Vladimir"]
[Black "Yakimov, S Yu"]
[Result "0-1"]
[WhiteElo "1995"]
[BlackElo "2207"]
[PlyCount "68"]
[EventDate "2009.07.08"]
[EventType "swiss"]
[EventRounds "9"]
[EventCountry "RUS"]
[SourceTitle "EXT 2022"]
[Source "ChessBase"]
[SourceDate "2021.10.06"]
[SourceVersion "1"]
[SourceVersionDate "2021.10.06"]
[SourceQuality "1"]

1. Nf3 d5 2. d4 Nf6 3. Bf4 e6 4. e3 c5 5. c3 Nc6 6. Nbd2 Bd6 7. Bg3 Bxg3 8. hxg3 Qd6 9. Bb5 Bd7 10. 0-0 a6 11. Bxc6 Bxc6 12. Ne5 0-0 13. Rb1 Rac8 14. b4 cxb4 15. cxb4 Bb5 16. Re1 Rfd8 17. a3 Rc7 18. Rc1 Rdc8 19. Rxc7 Qxc7 20. a4 Be8 21. Nd3 b6 22. a5 bxa5 23. bxa5 Qxa5 24. Nb3 Qb6 25. Nbc5 Bb5 26. Qb3 Qd6 27. Ne5 Ne4 28. Nxe4 dxe4 29. f4 exf3 30. Nxf3 Qxg3 31. d5 exd5 32. Qxd5 h6 33. Rd1 Be2 34. Qf5 Rf8 0-1

[Event "Moscow op-B"]
[Site "Moscow"]
[Date "2009.02.06"]
[Round "7"]
[White "Fedechkin, Vladimir"]
[Black "Popelyshev, Igor Viktorovich"]
[Result "1/2-1/2"]
[WhiteElo "1976"]
[BlackElo "2159"]
[PlyCount "87"]
[EventDate "2009.01.31"]
[EventType "swiss"]
[EventRounds "9"]
[EventCountry "RUS"]
[SourceTitle "EXT 2012"]
[Source "ChessBase"]
[SourceDate "2011.11.24"]
[SourceVersion "1"]
[SourceVersionDate "2011.11.24"]
[SourceQuality "1"]

1. d4 d5 2. Nf3 Bf5 3. c4 e6 4. cxd5 exd5 5. Qb3 b6 6. Nc3 Nf6 7. Bg5 c6 8. Bxf6 Qxf6 9. Nxd5 cxd5 10. Qxd5 Bb4+ 11. Kd1 0-0 12. Qxa8 Nc6 13. Qxf8+ Kxf8 14. e3 Be4 15. Be2 g5 16. h3 Bxf3 17. Bxf3 Nxd4 18. exd4 Qxd4+ 19. Ke2 Qxb2+ 20. Kd3 Qd2+ 21. Kc4 Qc3+ 22. Kb5 Qc5+ 23. Ka6 b5 24. Kb7 Qb6+ 25. Kc8 Qxf2 26. Rhd1 Bc3 27. Rd8+ Kg7 28. Rad1 Bf6 29. R8d7 Qxa2 30. R1d6 Qa3 31. Bd5 Be7 32. Rc6 a5 33. Rcc7 Kf6 34. Rxe7 Qxe7 35. Rxe7 Kxe7 36. Kc7 f5 37. Kb6 Kd6 38. Bg8 h5 39. Kxb5 Ke5 40. Bf7 h4 41. Kxa5 Kf4 42. Be6 g4 43. hxg4 fxg4 44. Kb4 1/2-1/2

[Event "Kemerovo Sports School-ch"]
[Site "Kemerovo"]
[Date "2008.10.27"]
[Round "9"]
[White "Fedechkin, Vladimir"]
[Black "Potlov, Semen"]
[Result "1/2-1/2"]
[WhiteElo "2009"]
[BlackElo "2037"]
[PlyCount "52"]
[EventDate "2008.10.18"]
[EventType "swiss"]
[EventRounds "9"]
[EventCountry "RUS"]
[SourceTitle "EXT 2022"]
[Source "ChessBase"]
[SourceDate "2021.10.06"]
[SourceVersion "1"]
[SourceVersionDate "2021.10.06"]
[SourceQuality "1"]

1. d4 d5 2. g3 e6 3. Bg2 Bd6 4. Nd2 c6 5. e4 dxe4 6. Nxe4 Be7 7. Nf3 Nf6 8. Nxf6+ Bxf6 9. c3 0-0 10. h4 Nd7 11. Bg5 h6 12. Qd2 c5 13. Be3 cxd4 14. Nxd4 Nb6 15. 0-0-0 Nc4 16. Qe2 Nxe3 17. Qxe3 Qb6 18. Nc2 Qa5 19. g4 Qe5 20. Be4 g5 21. Kb1 Kg7 22. Nd4 Qf4 23. Qxf4 gxf4 24. g5 Be7 25. Nf3 Bc5 26. Ne5 h5 1/2-1/2

[Event "Kemerovo Sports School-ch"]
[Site "Kemerovo"]
[Date "2008.10.23"]
[Round "5"]
[White "Fedechkin, Vladimir"]
[Black "Savintsev, Dmitriy"]
[Result "1-0"]
[WhiteElo "2009"]
[BlackElo "1859"]
[PlyCount "97"]
[EventDate "2008.10.18"]
[EventType "swiss"]
[EventRounds "9"]
[EventCountry "RUS"]
[SourceTitle "EXT 2022"]
[Source "ChessBase"]
[SourceDate "2021.10.06"]
[SourceVersion "1"]
[SourceVersionDate "2021.10.06"]
[SourceQuality "1"]

1. e4 e6 2. d4 d5 3. Nd2 dxe4 4. Nxe4 Nd7 5. Nf3 Ngf6 6. Bd3 Nxe4 7. Bxe4 Nf6 8. Bd3 c5 9. 0-0 cxd4 10. Nxd4 Bc5 11. Nb3 Bd6 12. Qf3 Qc7 13. h3 Bd7 14. Nd4 Bc5 15. Nb3 Bd6 16. Be3 Bc6 17. Qe2 0-0 18. Nd4 Nd5 19. Bg5 Nf4 20. Bxf4 Bxf4 21. Nxc6 Qxc6 22. Rfe1 g6 23. Rad1 Bh6 24. Qe4 Qb6 25. Bc4 Bg7 26. b3 Rad8 27. Be2 Rd4 28. Rxd4 Bxd4 29. Rf1 Rd8 30. Bf3 Rd7 31. g4 Bc5 32. Qf4 Rd4 33. Qb8+ Kg7 34. Qxb7 Qxb7 35. Bxb7 Rd2 36. Be4 f5 37. Bd3 Kf6 38. b4 Bd4 39. gxf5 gxf5 40. a4 e5 41. b5 e4 42. Bc4 Rxc2 43. Bg8 h6 44. a5 Rc5 45. Rb1 f4 46. b6 Rg5+ 47. Kf1 Rxg8 48. b7 a6 49. b8Q 1-0

[Event "Berdsk Maestro op 14th"]
[Site "Berdsk"]
[Date "2008.07.12"]
[Round "5"]
[White "Fedechkin, Vladimir"]
[Black "Demikhov, Maxim"]
[Result "1-0"]
[WhiteElo "2014"]
[BlackElo "1928"]
[PlyCount "97"]
[EventDate "2008.07.08"]
[EventType "swiss"]
[EventRounds "9"]
[EventCountry "RUS"]
[SourceTitle "CBM 125 Extra"]
[Source "ChessBase"]
[SourceDate "2008.09.01"]
[SourceVersion "1"]
[SourceVersionDate "2008.09.01"]
[SourceQuality "1"]

1. e4 c5 2. Nf3 Nc6 3. d4 cxd4 4. Nxd4 e5 5. Nb5 d6 6. N1c3 a6 7. Na3 b5 8. Nd5 Nf6 9. Bg5 Be7 10. Bxf6 Bxf6 11. c3 0-0 12. Nc2 Rb8 13. Qf3 Bg5 14. h4 Bh6 15. g4 Bf4 16. Nxf4 exf4 17. Qxf4 Ne5 18. Be2 Bxg4 19. Ne3 Bxe2 20. Kxe2 Ng6 21. Qf3 Re8 22. Rag1 d5 23. exd5 h5 24. Kf1 Re5 25. Rg5 Rb6 26. Qxh5 Qe7 27. Rxe5 Nxe5 28. Rg1 Rg6 29. Rg5 Rxg5 30. Qxg5 Qxg5 31. hxg5 Nf3 32. Ke2 Nxg5 33. Kd3 Kf8 34. Kd4 Ke7 35. b3 g6 36. c4 Nf3+ 37. Kc5 bxc4 38. bxc4 Nd2 39. d6+ Kd7 40. Kd5 Nb1 41. Nd1 Na3 42. c5 Nb5 43. c6+ Kd8 44. a4 Na7 45. Nc3 Nc8 46. Ne4 Nb6+ 47. Ke5 Nxa4 48. Ng5 Nb6 49. Nxf7+ 1-0